ბათუმის შოთა რუსთაველის სახელმწიფო უნივერსიტეტის ბიბლიოთეკა

ტერასული მიწათმოქმედება საქართველოში : (ბიბ.ჩანაწერი № 40365)

000 -ლიდერი
ფიქსირებული სიგრძის საკონტროლო ველი 00948nam a2200217Ia 4500
001 - საკონტროლო ნომერი
საკონტროლო ველი 6973
003 - საკონტროლო ნომრის იდენტიფიკატორი
საკონტროლო ველი GE_BSU
005 - ბოლო ოპერაციის თარიღი და დრო
საკონტროლო ველი 20191004155713.0
008 - ფიქსირებული სიგრძის მონაცემთა ელემენტები - ზოგადი ინფორმაცია
ფიქსირებული სიგრძის საკონტროლო ველი 181216s1976||||ge |||||||||||||| ||geo||
040 ## - კატალოგიზაციის წყარო
Transcribing agency GE_BSU
041 ## - ენის კოდი
Language code of text/sound track or separate title geo
080 ## - უნივერსალური ათობითი კლასიფიკაციის ინდექსი
Universal Decimal Classification number 631.5/9(479.22)+631.613.1 ჩ-58
100 ## - მთავარი ჩანაწერი - პიროვნების სახელი
Personal name ჩიჯავაძე, ნეჯად
9 (RLIN) 4135
245 ## - ცნობა სათაურის შესახებ
Title ტერასული მიწათმოქმედება საქართველოში :
Remainder of title ისტ. ეთნოგრ. ნარკვევი /
Statement of responsibility, etc რედ. ა. რობაქიძე.
264 ## - წარმოების, გამოცემის, დისტრიბუციის და სხვა ცნობები
გამოცემის, წარმოების, დისტრიბუციის... ადგილი ბათუმი :
გამოცემის, წარმოების, დისტრიბუციის... სახელწოდება საბჭ. აჭარა,
გამოცემის, წარმოების, დისტრიბუციის... თარიღი 1976.
300 ## - ფიზიკური აღწერა
Extent 110 გვ;
Other physical details 21 სმ.
520 ## - SUMMARY, ETC.
Summary, etc რეზ. რუს. ენ..
653 ## - INDEX TERM--UNCONTROLLED
Uncontrolled term ტერასული მიწათმოქმედება საქართველოში
700 ## - ADDED ENTRY--PERSONAL NAME
Personal name რობაქიძე, ა.
Relator term რედაქტორი
9 (RLIN) 3883
942 ## - ADDED ENTRY ELEMENTS (KOHA)
Koha item type წიგნი
Source of classification or shelving scheme
ეგზემპლარები
ჩამოწერის სტატუსი დაკარგული ეგზემპლარის სტატუსი კლასიფიკაციის წყარო ან თაროზე გაწყობის სქემა დაზიანების სტატუსი არ გაიცემა მუდმივი მდებარეობა (დაცვის ადგილი) ამჟამინდელი ადგილსამყოფელი თაროზე განთავსების ადგილი შეძენის თარიღი ღირებულება, შესყიდვის ნორმალური ფასი სრული შენახვის შიფრი შტრიხკოდი ბოლო ოპერაციის თარიღი ეგზემპლარის მიმდევრობითი ნომერი (კეტერი?) ფასის ძალაში შესვლის თარიღი ეგზემპლარის სახეობა საჯარო შენიშვნა
          ბათუმის შოთა რუსთაველის სახელმწიფო უნივერსიტეტის მთავარი ბიბლიოთეკა ბათუმის შოთა რუსთაველის სახელმწიფო უნივერსიტეტის მთავარი ბიბლიოთეკა წიგნსაცავი 2018-12-17 2.00 631.5/9(479.22) ჩ–27 5889 2018-12-17 5889 2018-12-17 წიგნი 2 ლ.